00900nam a2200205 a 450000100100000000500170001000800410002702000150006804000250008310000370010824501250014526000550027030000210032549000350034671000770038171000720045883000420053095201050057299900170067700004117020201002034657.0130920s1987 sp 000 0 spa d a8400065204 aDO-SdBNPbspacBNPHU1 aNaranjo Orovio, Consuelo.91515310aCuba vista por el emigrante Español a la isla, 1900-1959 :bun ensayo de historia oral /cpor Consuelo Naranjo Orovio. aMadrid :bCentro de Estudios Históricos.,c1987. a164 p. ;c21 cm.1 aAnexos de Revista de Indiasv32 aCentro de Estudios Histórico. Departamento de Historia Medieval9677302 aConsejo Superior de Investigaciones Sientíficas (España)963726 0aAnexos de Revista de Indiasv3941145 001050718MOaGRbGRcCTd2013-09-20iLF1l0o p41170-10r2020-06-25w2020-06-25y1ZNo se presta c40660d40660